00910nam a2200217 a 450000100100000000500170001000800410002704000250006808200200009310000340011324500920014726000390023930000280027865000200030665100690032665000290039504900090042495201180043395201240055199900170067500001528720240411074008.0100204s2003 dr a 001 0 spa d aDO-SdBNPbspacBNPHU aRD867.44bC352c1 aCastillo Grullon, Tito93457110aChistes, cuentos, refranes y colmos para eliminar el stress /cTito Castillo Grullón. a[Santo Domingo] :bGagrull,c2003. a154 p. :bil. ;c21 cm. 4aHumorismo97166 4aRepública DominicanaxAnecdotas, Chistes, Satiras, Etc.922185 0aCuentos dominicanos9176 aBNPD 0010718PDaPDbPDcCTd2010-02-04iLF1l0oRD867.44 C352cp15287-10r2020-06-25w2020-06-25yLFPDZNo se presta 0010718PDaPDbPDcCTd2010-02-04iLF1l0oRD867.44 C352cp15287-20r2020-06-25te. 2w2020-06-25yLFPDZNo se presta c14853d14853